States Without Big Cities Quiz Stats

 Plays Quiz Updated Jan 29, 2019

Support Sporcle.
Go Orange.
Score 0/17 Timer 02:00
1 Play Today
State % Correct
North Dakota
91.1%
South Dakota
90.5%
Montana
87.3%
Maine
86.6%
Vermont
85%
Wyoming
83.4%
Idaho
82.9%
New Hampshire
82.4%
Rhode Island
77.5%
State % Correct
Iowa
71.3%
Delaware
69%
Arkansas
63.7%
Mississippi
61.1%
West Virginia
60.7%
Utah
59.1%
Connecticut
58.3%
South Carolina
51.9%

From the Vault

Mini Nurikabe Puzzle II

by sproutcm

Keep calm and click carefully.
Remove Ads.
Support Sporcle.
Get the best of Sporcle when you Go Orange. This ad-free experience offers more features, more stats, and more fun while also helping to support Sporcle. Thank you for becoming a member.

Show Comments

Extras

Top Quizzes Today


Score Distribution

Your Account Isn't Verified!

In order to create a playlist on Sporcle, you need to verify the email address you used during registration. Go to your Sporcle Settings to finish the process.

Report this User

Report this user for behavior that violates our Community Guidelines.

Details: